Grosser Historischer Weltatlas /

Guardado en:
Autor Principal: Bengtson, Hermann.
Formato: Libro
Idioma:German
Publicado: München : Bayerischer Schulbuch, 1958.
Etiquetas: Agregar Etiqueta
Sin Etiquetas, Sea el primero en etiquetar este registro!
LEADER 00526nam a22001575a 4500
001 EUN.um057607
003 AR-BaUNS
005 20050623122926.0
008 041125s1958####xx############000#0#ger#d
245 1 0 |a Grosser Historischer Weltatlas /  |c Hermann Bengtson. 
260 |a München :  |b Bayerischer Schulbuch,  |c 1958. 
300 |a 3 v. 
100 1 |a Bengtson, Hermann. 
082 0 4 |a 913 
859 |a Ar-BaUNS  |b BIB. CENTRAL - Sector C  |h 913  |i B436  |k F  |p 1154/963  |v v.1-1 
859 |a Ar-BaUNS  |b BIB. CENTRAL - Sector C  |h 913  |i B436  |k F  |p 105848/997  |t Ej.2  |v v.1-1